| 000 | 00875nam a2200277Ia 4500 | ||
|---|---|---|---|
| 003 | OSt | ||
| 005 | 20221007124025.0 | ||
| 006 | a|||||r|||| 00| 0 | ||
| 007 | ta | ||
| 008 | 221006b |||||||| |||| 00| 0 eng d | ||
| 020 | _a9780471744931 (hbd) | ||
| 024 | _a84685 | ||
| 037 |
_b031, 17/08/2009, Aviva Books Company _cTextbook |
||
| 040 |
_aCDL _cCDL _beng |
||
| 041 |
_2eng _aeng |
||
| 082 | _aE1:3,E56, P9.2 Carc | ||
| 100 |
_aNakamoto Kazuo _9718346 |
||
| 245 | 0 | _aInfrared and Raman spectra of inorganic and coordination compounds | |
| 250 | _a6 | ||
| 260 |
_aNew _bJersy Wiley _c2009 |
||
| 490 | _vP.B. | ||
| 500 | _aIncludes bibliographical references.; Index 403-408p. | ||
| 650 | _aChemistry | ||
| 942 |
_hE1:3,E56, P9.2 Carc _cTB _2CC |
||
| 999 |
_c1212813 _d1212813 |
||